| 000 | 00634nam a2200217 i 4500 | ||
|---|---|---|---|
| 001 | 27503 | ||
| 003 | ES-MaACL | ||
| 005 | 20230906153630.0 | ||
| 007 | t| | ||
| 008 | 030114s1982 sp ||||1| spa d | ||
| 100 | 1 |
_aAyer, A. J. _924144 |
|
| 245 | 1 | 0 |
_aParte de mi vida / _cA. J. Ayer ; versión de Alvaro Delgado Gial. |
| 260 |
_a[Madrid] : _bAlianza, _c[1982] |
||
| 300 |
_a301 p., 4 lám. ; _c20 cm. |
||
| 490 | 1 |
_aAlianza universidad ; _v319 |
|
| 600 | 1 | 4 |
_aAyer, A. J. _924144 |
| 700 | 1 |
_aDelgado Gial, Alvaro. _943452 |
|
| 830 | 0 |
_aAlianza universidad ; _v319 _9177276 |
|
| 852 |
_aES-MaACL _jL-2514 |
||
| 999 |
_c27503 _d27503 |
||